000 00838cab a2200193 4500
001 ABS39310
008 090401t1988 xxu||||| |||| 00| 0 eng d
035 _a(Sirsi) u15872
041 _aeng
100 _aDenyer-Green, Barry P. D.
245 _aCompensation: case law update
260 _c1988
350 _a0
490 _aEstates Gazette
_v(8825) 25 June 1988, 30-82(3)
520 _aA review of Lands Tribunal decisions heard in the last 3 years under the following headings: obtaining powers of compulsory purchase , blight notices , compensation - date of valuation, equivalent reinstatement , injurious affection , disturbance , valuation matters, and oilfield exploration.
690 _aENVIRONMENTAL AND LAND CONSULTANCY-PLANNING AND DEVELOPMENT-COMPULSORY PURCHASE AND COMPENSATION
942 _n0
948 _c04/03/1997
999 _c10449
_d10449